000 00328nam a22001457a 4500
008 210520b ||||| |||| 00| 0 eng d
020 _a0195135741
041 _aeng
080 _a610.73
082 _a610.73
100 _a1
101 _aINF
245 _aTextbook of Palliative Nursing
_cBetty R. Ferreli
942 _2udc
_cBK
999 _c57552
_d57552